000 00791nam a22002417a 4500
001 1953
003 BD-RjUL
005 20211208233441.0
008 131210s1986 xxua 001 0 eng d
020 _a087055509x
035 _a(BD-RjUL)1980
040 _aBD-RjUL
_beng
_cBD-RjUL
041 _aeng
082 4 _216
_a330
_bKOE 1986
100 _aKoch, A. Robert
_96451
245 _aEconomic principles :
_bgrowth and environment /
_cA Robert Koch.
260 _aWestport, Conn. :
_bAVI Pub. Co. ,
_cc1986.
300 _axii, 212 p. :
_bill. :
_c23 cm.
504 _aIncludes bibliographical references and index.
650 _aEconomics.
_96452
856 _uhttp://www.worldcat.org/title/economic-principles-growth-and-environment/oclc/12807658&referer=brief_results
942 _2ddc
_cBK
999 _c1953
_d1953